00383nam a2200133Ia 4500003000400000005001700004008004100021040001800062082001900080100002700099245007300126260004100199300000900240OSt20200606120052.0190216s9999||||xx |||||||||||||| ||und|| cMESKC library a448.242bVID/F aVidyalankar, Satyaketu 0aFrench Swayam Shikshak = French Self Taught /cSatyaketu Vidyalankar bGarima Prakashan,aNew Delhi:c1986. a334p